Zambia City Quiz - Statistics

General Stats
  • This quiz has been taken 15 times
  • The average score is 4 of 10
Answer Stats
City % Correct
Lusaka
100%
Kitwe
64%
Ndola
64%
Kabwe
45%
Livingstone
45%
Chipata
36%
Kasama
36%
Chingola
18%
Luanshya
18%
Mufulira
18%
No matching quizzes found
Score Distribution
Percent of People with Each Score
Percentile by Number Answered
Your Score History
You have not taken this quiz